| 000 | 00326nam a22001337a 4500 | ||
|---|---|---|---|
| 003 | SGT | ||
| 082 |
_a617 _bR94J |
||
| 100 | _aJAMIESON,GLYN G | ||
| 245 | _aROB AND SMITH OPERATIVE SURGERY SURGERY OF THE UPPER GESTROINTESTINEL | ||
| 250 | _a5TH | ||
| 260 |
_aLONDON _bCHAPMAN AND HALL _c1994 |
||
| 300 | _a618 | ||
| 942 |
_2ddc _cBK |
||
| 999 |
_c14176 _d14176 |
||